000 00728nam a22002297a 4500
008 240702b mp ||||| |||| 00| 0 mon d
020 _a978-99973-1-856-5
035 _a27647
040 _aZA2481090
_bmon
_cMN-UlNLM
_dMN-UlNLM
_erda
041 _amon
042 _a59152
084 _2NNA
_a84/5мон/-44
_bИ-967
100 _aИчинноров Б., Ганганмөрөн Х.
245 0 _aТэнгэрийн охин
264 _aУлаанбаатар
_bМонсудар ХГ
_c2020
300 _a32х.
336 _2rdacontent
_atext
_btxt
337 _2rdamedia
_aunmediated
_bn
338 _2rdacarrier
_avolume
_bnc
942 _2NNA
_cBK
999 _c1095309
_d1095366